| 000 | 00743nam a2200217Ia 4500 | ||
|---|---|---|---|
| 005 | 20250108125122.0 | ||
| 008 | 008 250107s9999 xx 000 0 pun d | ||
| 037 | _aTB | ||
| 040 |
_aCRL _bpun _cCRL |
||
| 041 |
_apun _2pun |
||
| 084 | _aY15.2 Q9.1-.2 | ||
| 084 | _qCRL | ||
| 100 | _aਸ਼ਾਂਤ, ਸੁਖਦੇਵ ਸਿੰਘ, ਲੇਖਕ | ||
| 245 | 0 |
_aਭਗਤ ਬਾਣੀ ਵਿਚਾਰ _cਸ਼ਾਂਤ, ਸੁਖਦੇਵ ਸਿੰਘ, ਲੇਖਕ |
|
| 260 |
_aਪਟਿਆਲਾ, ਭਾਰਤ _bਸੰਗਮ ਪਲੀਕੇਸ਼ਨ _c3384 |
||
| 300 | _a255ਪ੍ਰ0 | ||
| 365 |
_aINR _b1000 |
||
| 650 |
_aਸਿੱਖ ਧਰਮ _9156314 |
||
| 942 |
_cTB _hY15.2 Q9.1-.2 |
||
| 999 |
_c1235772 _d1235772 |
||